000
00221 a2200109 4500
001
68551
040
_c
Anchieta - Itaigara
240
1
0
_a
Ice Age
_l
245
1
0
_a
Ice Age
650
4
_a
Literatura infanto-juvenil
942
_c
MU
999
_c
68551
_d
68551